[Event "Arco op 45th"]
[Site "Arco"]
[Date "2023.10.13"]
[Round "7"]
[White "Udipi, Kala Kishan"]
[Black "Del Nevo, Claudio"]
[Result "1-0"]
[WhiteElo "1850"]
[BlackElo "1632"]
[PlyCount "65"]
[EventDate "2023.10.07"]
[EventType "swiss"]
[EventRounds "9"]
[EventCountry "ITA"]
[SourceTitle "Mega2024 Update 01"]
[Source "Chessbase"]
[SourceDate "2023.11.12"]
[SourceVersion "1"]
[SourceVersionDate "2023.11.12"]
[SourceQuality "1"]

1. d4 d6 2. g3 Nf6 3. Bg2 g6 4. c3 c6 5. e4 Bg7 6. Ne2 Nbd7 7. f4 e5 8. 0-0 0-0 9. h3 Rb8 10. g4 b5 11. Ng3 h6 12. Kh1 b4 13. Be3 bxc3 14. bxc3 Rb2 15. Qc1 Rb8 16. fxe5 dxe5 17. Bxh6 exd4 18. cxd4 Kh7 19. Bf4 Rb6 20. Bd6 Rh8 21. e5 Nxg4 22. Rxf7 Kg8 23. Qc4 Kh7 24. Qc1 Kg8 25. Rf4 Qh4 26. Rxg4 Qxg4 27. Qc4+ Kh7 28. hxg4 Ba6 29. Qf7 Rb7 30. Qf3 Kg8+ 31. Kg1 Bh6 32. Nc3 Rh7 33. e6 1-0

[Event "Arco op 45th"]
[Site "Arco"]
[Date "2023.10.12"]
[Round "6"]
[White "Martinez, Guido"]
[Black "Udipi, Kala Kishan"]
[Result "1/2-1/2"]
[WhiteElo "1618"]
[BlackElo "1850"]
[PlyCount "43"]
[EventDate "2023.10.07"]
[EventType "swiss"]
[EventRounds "9"]
[EventCountry "ITA"]
[SourceTitle "Mega2024 Update 01"]
[Source "Chessbase"]
[SourceDate "2023.11.12"]
[SourceVersion "1"]
[SourceVersionDate "2023.11.12"]
[SourceQuality "1"]

1. Nf3 Nf6 2. d4 d5 3. Bg5 e6 4. e3 Be7 5. c4 h6 6. Bh4 0-0 7. Nc3 Nbd7 8. Rc1 c6 9. cxd5 cxd5 10. Bd3 a6 11. 0-0 b5 12. Ne2 Bb7 13. Bb1 Re8 14. Qd3 Ne4 15. Bxe7 Rxe7 16. Nd2 Ndf6 17. f3 Nxd2 18. Qxd2 Qb6 19. Rc5 e5 20. Rfc1 Rae8 21. Ng3 exd4 22. exd4 1/2-1/2

[Event "Arco op 45th"]
[Site "Arco"]
[Date "2023.10.10"]
[Round "4"]
[White "Udipi, Kala Kishan"]
[Black "De Simone Sorrentino, Fabio"]
[Result "1-0"]
[WhiteElo "1850"]
[BlackElo "1534"]
[PlyCount "39"]
[EventDate "2023.10.07"]
[EventType "swiss"]
[EventRounds "9"]
[EventCountry "ITA"]
[SourceTitle "Mega2024 Update 01"]
[Source "Chessbase"]
[SourceDate "2023.11.12"]
[SourceVersion "1"]
[SourceVersionDate "2023.11.12"]
[SourceQuality "1"]

1. d4 d5 2. Nf3 Nf6 3. c4 e6 4. Nc3 c6 5. e3 Nbd7 6. Qc2 Bd6 7. g4 dxc4 8. Bxc4 Nd5 9. Bd2 Nxc3 10. Bxc3 Nf6 11. e4 Be7 12. 0-0-0 Qc7 13. Ne5 Nd7 14. f4 Nxe5 15. dxe5 0-0 16. f5 b5 17. f6 bxc4 18. Qd2 Kh8 19. Qg5 gxf6 20. exf6 1-0

[Event "Arco op 45th"]
[Site "Arco"]
[Date "2023.10.09"]
[Round "3"]
[White "Bordignon, Angelo"]
[Black "Udipi, Kala Kishan"]
[Result "1-0"]
[WhiteElo "2061"]
[BlackElo "1850"]
[PlyCount "57"]
[EventDate "2023.10.07"]
[EventType "swiss"]
[EventRounds "9"]
[EventCountry "ITA"]
[SourceTitle "Mega2024 Update 01"]
[Source "Chessbase"]
[SourceDate "2023.11.12"]
[SourceVersion "1"]
[SourceVersionDate "2023.11.12"]
[SourceQuality "1"]

1. e4 c5 2. Nc3 Nc6 3. Bb5 g6 4. Bxc6 dxc6 5. d3 e5 6. f4 exf4 7. Bxf4 Bg7 8. Qd2 Nf6 9. Nf3 Qe7 10. 0-0 Be6 11. e5 Nd5 12. Bg5 Qc7 13. Ne4 0-0 14. c4 Nb6 15. Nf6+ Kh8 16. Qf4 Nd7 17. Qh4 Bxf6 18. exf6 Qd8 19. Rae1 Re8 20. Qh6 Nxf6 21. Qh4 Kg7 22. Nd2 Bf5 23. Rxe8 Qxe8 24. Bxf6+ Kg8 25. Rxf5 Qe3+ 26. Qf2 Qxd3 27. Rf3 Qc2 28. Bc3 Re8 29. Rxf7 1-0

[Event "Arco op 45th"]
[Site "Arco"]
[Date "2023.10.07"]
[Round "1"]
[White "Boder, Jan"]
[Black "Udipi, Kala Kishan"]
[Result "1-0"]
[WhiteElo "2286"]
[BlackElo "1850"]
[PlyCount "59"]
[EventDate "2023.10.07"]
[EventType "swiss"]
[EventRounds "9"]
[EventCountry "ITA"]
[SourceTitle "Mega2024 Update 01"]
[Source "Chessbase"]
[SourceDate "2023.11.12"]
[SourceVersion "1"]
[SourceVersionDate "2023.11.12"]
[SourceQuality "1"]

1. c4 e6 2. g3 d5 3. Nf3 Nf6 4. Bg2 Be7 5. 0-0 0-0 6. d4 c6 7. Nc3 b6 8. b3 Ba6 9. Nd2 Qc7 10. Bb2 Rd8 11. Rc1 Qb7 12. Re1 Nbd7 13. e4 dxe4 14. Ndxe4 Rac8 15. Qf3 Qb8 16. Nxf6+ Nxf6 17. Ne4 Bb7 18. h4 Rc7 19. d5 Nxe4 20. Qxe4 cxd5 21. Qg4 g6 22. Qd4 f6 23. Rxe6 dxc4 24. Qe3 Kf7 25. Re1 Rdd7 26. Rxf6+ Bxf6 27. Qe6+ Kg7 28. Qxf6+ Kg8 29. Qh8+ Kf7 30. Qg7# 1-0

[Event "SUI-chT"]
[Site "Switzerland"]
[Date "2023.05.13"]
[Round "3.6"]
[White "Udipi, Kala Kishan"]
[Black "Gaehwiler, Gabriel"]
[Result "0-1"]
[WhiteElo "1933"]
[BlackElo "2404"]
[PlyCount "88"]
[EventDate "2023.04.16"]
[EventType "team-tourn"]
[EventRounds "9"]
[EventCountry "SUI"]
[SourceTitle "EXT 2024"]
[Source "ChessBase"]
[SourceDate "2023.10.10"]
[SourceVersion "1"]
[SourceVersionDate "2023.10.10"]
[SourceQuality "1"]
[WhiteTeam "Wollishofen"]
[BlackTeam "Luzern"]
[WhiteTeamCountry "SUI"]
[BlackTeamCountry "SUI"]

1. d4 Nf6 2. c4 b6 3. Nf3 Bb7 4. g3 g6 5. Bg2 Bg7 6. 0-0 0-0 7. Nc3 Ne4 8. Qc2 Nxc3 9. bxc3 Nc6 10. Rb1 d6 11. Rd1 Qc8 12. Be3 Na5 13. c5 Bd5 14. Nd2 Bxg2 15. Kxg2 dxc5 16. dxc5 Qe6 17. cxb6 axb6 18. Kg1 Nb7 19. Nb3 Nd6 20. Bf4 Nb5 21. Nd4 Bxd4 22. Rxb5 Rxa2 23. Qd3 Bc5 24. Bxc7 Rc8 25. e3 Bxe3 26. Qxe3 Qxe3 27. fxe3 Rxc7 28. Rc1 Rc6 29. c4 Re2 30. Re5 e6 31. h4 Kg7 32. Kf1 Rb2 33. c5 Rb5 34. Re4 Rbxc5 35. Rb1 Rc1+ 36. Rxc1 Rxc1+ 37. Kf2 b5 38. Rb4 Rc5 39. Ke2 Kf6 40. Kd3 Ke5 41. e4 f5 42. exf5 exf5 43. Ke3 Kd6 44. Kd4 Re5 0-1

[Event "SUI-ch U12"]
[Site "Biel"]
[Date "2022.07.21"]
[Round "7"]
[White "Van Aepelen, Nikolai"]
[Black "Udipi, Kala Kishan"]
[Result "0-1"]
[WhiteElo "1635"]
[BlackElo "2057"]
[PlyCount "74"]
[EventDate "2022.07.18"]
[EventType "swiss"]
[EventRounds "7"]
[EventCountry "SUI"]
[SourceTitle "EXT 2023"]
[Source "ChessBase"]
[SourceDate "2022.10.05"]
[SourceVersion "1"]
[SourceVersionDate "2022.10.05"]
[SourceQuality "1"]

1. d4 d5 2. c4 e6 3. Nc3 Be7 4. Nf3 Nf6 5. Bg5 h6 6. Bh4 0-0 7. e3 b6 8. cxd5 Nxd5 9. Bxe7 Qxe7 10. Bd3 Nxc3 11. bxc3 Bb7 12. 0-0 c5 13. Rc1 Kh8 14. Re1 Nd7 15. e4 Nf6 16. Qb3 Rac8 17. d5 c4 18. Bxc4 Qc5 19. Bd3 exd5 20. e5 Ne4 21. Bxe4 dxe4 22. Nd4 Qxe5 23. Rcd1 Rc5 24. Re3 Kg8 25. Rde1 Qd5 26. Qxd5 Bxd5 27. Nf5 Bxa2 28. Ne7+ Kh7 29. Rxe4 Be6 30. g4 g6 31. h3 Rxc3 32. Kh2 Rc7 33. f4 Rxe7 34. f5 Rfe8 35. fxe6 Rxe6 36. Rxe6 Rxe6 37. Rxe6 fxe6 0-1

[Event "SUI-ch U12"]
[Site "Biel"]
[Date "2022.07.20"]
[Round "5"]
[White "Madhavan, Kailash"]
[Black "Udipi, Kala Kishan"]
[Result "0-1"]
[WhiteElo "1447"]
[BlackElo "2057"]
[PlyCount "114"]
[EventDate "2022.07.18"]
[EventType "swiss"]
[EventRounds "7"]
[EventCountry "SUI"]
[SourceTitle "EXT 2023"]
[Source "ChessBase"]
[SourceDate "2022.10.05"]
[SourceVersion "1"]
[SourceVersionDate "2022.10.05"]
[SourceQuality "1"]

1. d4 d5 2. Bf4 Nf6 3. e3 e6 4. c4 c5 5. Nc3 a6 6. Nf3 Nc6 7. Ne5 cxd4 8. Nxc6 bxc6 9. exd4 dxc4 10. Bxc4 h6 11. 0-0 Bd6 12. Be5 0-0 13. Re1 Ra7 14. Qa4 Bb7 15. Rad1 Qe7 16. a3 Raa8 17. h3 Rfd8 18. b4 Kh7 19. Qc2+ Kh8 20. Re3 Bxe5 21. dxe5 Nd5 22. Red3 Qg5 23. Qe2 Nxc3 24. Rxc3 Rxd1+ 25. Qxd1 Qxe5 26. Re3 Qc7 27. Rd3 c5 28. bxc5 a5 29. Rd7 Qc6 30. Rd8+ Kh7 31. Bd3+ g6 32. Bxg6+ Kxg6 33. Qg4+ Kf6 34. Qf4+ Ke7 35. Qh4+ f6 36. Qg3 Rxd8 37. Qg7+ Ke8 38. Qg8+ Kd7 39. Qf7+ Kc8 40. Qg7 Qxg2+ 41. Qxg2 Bxg2 42. Kxg2 Kc7 43. Kf3 Kc6 44. a4 Rd4 45. Kg3 Kxc5 46. f4 Rxa4 47. Kg4 Rxf4+ 48. Kxf4 a4 49. Kg4 a3 50. Kh5 a2 51. h4 a1Q 52. Kg6 f5 53. Kh5 Qg1 54. Kxh6 Kd6 55. Kh7 Ke7 56. h5 Kf7 57. h6 Qg8# 0-1

[Event "SUI-ch U12"]
[Site "Biel"]
[Date "2022.07.18"]
[Round "2"]
[White "Pfaltz, Maximilian"]
[Black "Udipi, Kala Kishan"]
[Result "0-1"]
[WhiteElo "1587"]
[BlackElo "2057"]
[PlyCount "106"]
[EventDate "2022.07.18"]
[EventType "swiss"]
[EventRounds "7"]
[EventCountry "SUI"]
[SourceTitle "EXT 2023"]
[Source "ChessBase"]
[SourceDate "2022.10.05"]
[SourceVersion "1"]
[SourceVersionDate "2022.10.05"]
[SourceQuality "1"]

1. e4 c5 2. Nf3 Nc6 3. Nc3 g6 4. d4 cxd4 5. Nxd4 Bg7 6. Be3 Nf6 7. f3 0-0 8. Bc4 Re8 9. Qd2 d6 10. h4 h5 11. 0-0-0 Ne5 12. Bb3 a6 13. Bh6 Bh8 14. Qg5 e6 15. g4 Kh7 16. gxh5 Nxh5 17. Qxd8 Rxd8 18. Be3 b5 19. a4 Bd7 20. a5 Bc8 21. Nce2 Bb7 22. Nf4 Bf6 23. Nxh5 gxh5 24. Rdg1 Rg8 25. Bg5 Nd3+ 26. cxd3 Bxd4 27. Rg3 Rae8 28. Bf4 Be3+ 29. Bxe3 Rxg3 30. Bd1 Rg6 31. d4 Rc8+ 32. Kb1 e5 33. dxe5 dxe5 34. Bb3 Rg3 35. Rf1 Rxf3 36. Rxf3 Bxe4+ 37. Ka2 Bxf3 38. Bxf7 Rd8 39. Kb1 Rd3 40. Bb6 e4 41. Kc2 Kg7 42. Be6 Bd1+ 43. Kc1 Bb3 44. Bxb3 Rxb3 45. Kc2 Rd3 46. b4 Kf6 47. Bf2 Kf5 48. Be1 Kf4 49. Bf2 Kf3 50. Be1 Rd5 51. Kc1 e3 52. Kc2 e2 53. Bd2 Rxd2+ 0-1

[Event "SUI-ch 121st"]
[Site "Samnaun"]
[Date "2022.07.06"]
[Round "3"]
[White "Loeffler, Markus"]
[Black "Udipi, Kala Kishan"]
[Result "0-1"]
[WhiteElo "2278"]
[BlackElo "2057"]
[PlyCount "70"]
[EventDate "2022.07.04"]
[EventType "swiss"]
[EventRounds "9"]
[EventCountry "SUI"]
[SourceTitle "CBM 209 Extra"]
[Source "ChessBase"]
[SourceDate "2022.09.30"]
[SourceVersion "1"]
[SourceVersionDate "2022.09.30"]
[SourceQuality "1"]

1. e4 c5 2. Nf3 Nc6 3. Bb5 g6 4. Bxc6 dxc6 5. h3 Bg7 6. d3 Nf6 7. 0-0 0-0 8. Nc3 b6 9. Be3 Ba6 10. Qd2 Qc7 11. Bf4 Qb7 12. Bh6 Rad8 13. Bxg7 Kxg7 14. Rfe1 Qc7 15. e5 Nd5 16. Ne4 Qc8 17. a4 Qf5 18. a5 Bc8 19. axb6 axb6 20. Ra7 Bd7 21. Ng3 Qf4 22. Qxf4 Nxf4 23. Rea1 Nd5 24. Ne4 Rfe8 25. Kf1 Bf5 26. Ng3 Be6 27. Nd2 Nb4 28. Rb7 Nxc2 29. Rc1 Nb4 30. Rxb6 Nxd3 31. Rc3 Nxe5 32. Ke2 Bd5 33. Rxc5 Nd7 34. Rcxc6 Nxb6 35. Rxb6 Bxg2 0-1

[Event "Adelboden op 8th"]
[Site "Adelboden"]
[Date "2021.12.10"]
[Round "1"]
[White "Madhavan, Kailash"]
[Black "Udipi, Kala Kishan"]
[Result "0-1"]
[WhiteElo "1452"]
[BlackElo "1799"]
[PlyCount "110"]
[EventDate "2021.12.10"]
[EventType "swiss"]
[EventRounds "5"]
[EventCountry "SUI"]
[SourceTitle "CBM 205 Extra"]
[Source "ChessBase"]
[SourceDate "2022.01.31"]
[SourceVersion "1"]
[SourceVersionDate "2022.01.31"]
[SourceQuality "1"]

1. d4 d5 2. Bf4 Nf6 3. e3 e6 4. c4 Bd6 5. Bxd6 cxd6 6. cxd5 Nxd5 7. e4 Ne7 8. Nc3 0-0 9. Bd3 Ng6 10. Nf3 Nf4 11. 0-0 Nxd3 12. Qxd3 b6 13. b4 Nd7 14. Rac1 a6 15. a4 Bb7 16. Ne2 Nf6 17. Ng3 Qd7 18. b5 axb5 19. axb5 Ra5 20. e5 dxe5 21. Nxe5 Qxb5 22. Qxb5 Rxb5 23. Rb1 Rxb1 24. Rxb1 Nd5 25. Nd7 Rd8 26. Nxb6 Nf4 27. h3 Bxg2 28. Nd7 Bxh3 29. Kh2 Bg2 30. Nc5 Bd5 31. f3 g5 32. Nge4 Bxe4 33. Nxe4 h6 34. Rd1 Kg7 35. Rd2 Ra8 36. Ng3 Ra3 37. Rf2 Rd3 38. Ne2 Rd2 39. Nxf4 Rxf2+ 40. Kg3 Rd2 41. Nh5+ Kg6 42. Nf4+ gxf4+ 43. Kxf4 Rxd4+ 44. Ke5 Rd5+ 45. Ke4 Kg5 46. f4+ Kg4 47. Ke3 f5 48. Kf2 h5 49. Kf1 h4 50. Kf2 h3 51. Kf1 h2 52. Kg2 e5 53. Kf1 h1Q+ 54. Kf2 Rd2+ 55. Ke3 Kh3 0-1

[Event "Lugano Special Edition op 19th"]
[Site "Lugano"]
[Date "2021.03.13"]
[Round "3"]
[White "Udipi, Kala Kishan"]
[Black "Boschetti, Claudio"]
[Result "0-1"]
[WhiteElo "1726"]
[BlackElo "2028"]
[PlyCount "180"]
[EventDate "2021.03.12"]
[EventType "swiss"]
[EventRounds "5"]
[EventCountry "SUI"]
[SourceTitle "CBM 201 Extra"]
[Source "ChessBase"]
[SourceDate "2021.05.31"]
[SourceVersion "1"]
[SourceVersionDate "2021.05.31"]
[SourceQuality "1"]

1. d4 d6 2. c4 Nd7 3. Nf3 e5 4. Nc3 c6 5. e3 Ngf6 6. Bd3 Be7 7. 0-0 a5 8. Qe2 Qc7 9. b3 0-0 10. Bb2 Re8 11. Bc2 Bf8 12. Rac1 g6 13. Rfd1 b6 14. a3 Ba6 15. b4 axb4 16. axb4 e4 17. Nd2 d5 18. b5 cxb5 19. cxb5 Bb7 20. Bb3 Qd6 21. Rc2 h5 22. h3 Qe6 23. Rdc1 Bd6 24. Re1 Qf5 25. Rcc1 Nf8 26. Bc2 Qg5 27. f4 Qf5 28. Qf2 g5 29. Qg3 Ne6 30. h4 Ng4 31. hxg5 Nxg5 32. Nf3 Ne6 33. Ne5 Bxe5 34. fxe5 Qg5 35. Bd1 Ng7 36. Bxg4 hxg4 37. Qf4 Qg6 38. Qf6 Qxf6 39. exf6 Nh5 40. Rf1 Re6 41. Ra1 Rb8 42. Rf5 Nxf6 43. Raf1 Kg7 44. Ne2 Kg6 45. R5f2 g3 46. Nxg3 Ng4 47. Re2 Bc8 48. Bc1 Bd7 49. Rb2 Rh8 50. Nf5 Kg5 51. g3 Rf6 52. Nh4 Rxf1+ 53. Kxf1 Ra8 54. Bd2 Ra1+ 55. Ke2 Nh2 56. Kf2 Bh3 57. Bb4 Rf1+ 58. Ke2 Bg4+ 59. Kd2 Rd1+ 60. Kc3 Rd3+ 61. Kc2 Nf1 62. Ng2 Bd1+ 63. Kc1 Ba4 64. Rf2 Nxg3 65. Nf4 Rxe3 66. Bd2 Rf3 67. Rxf3 exf3 68. Nxd5+ Kf5 69. Ne3+ Ke4 70. Ng4 Ne2+ 71. Kb2 Bxb5 72. Be1 Nxd4 73. Bf2 Bc6 74. Kc3 Ne2+ 75. Kb4 f5 76. Ne3 b5 77. Kc5 Be8 78. Nd5 Nc1 79. Nf6+ Kf4 80. Nd5+ Kg4 81. Be3 Nb3+ 82. Kb4 Bf7 83. Nc3 Kg3 84. Nd1 f4 85. Bb6 Bc4 86. Nf2 Kg2 87. Ne4 Nc1 88. Bc7 Nd3+ 89. Kc3 f2 90. Nxf2 Kxf2 0-1

[Event "Lugano Special Edition op 19th"]
[Site "Lugano"]
[Date "2021.03.12"]
[Round "1"]
[White "Udipi, Kala Kishan"]
[Black "Hoffman, Jeffrey Joseph"]
[Result "1-0"]
[WhiteElo "1726"]
[BlackElo "1229"]
[PlyCount "59"]
[EventDate "2021.03.12"]
[EventType "swiss"]
[EventRounds "5"]
[EventCountry "SUI"]
[SourceTitle "CBM 201 Extra"]
[Source "ChessBase"]
[SourceDate "2021.05.31"]
[SourceVersion "1"]
[SourceVersionDate "2021.05.31"]
[SourceQuality "1"]

1. d4 d5 2. c4 Nf6 3. Nc3 dxc4 4. Nf3 e6 5. Bg5 Bb4 6. e3 Nc6 7. Bxc4 h6 8. Bh4 0-0 9. 0-0 a6 10. Qc2 b5 11. Bd3 e5 12. dxe5 Bxc3 13. Qxc3 g5 14. Rfd1 Qe7 15. exf6 Qe6 16. Bg3 Bb7 17. Bc2 Rad8 18. Bb3 Rxd1+ 19. Rxd1 Qf5 20. Ne5 Nxe5 21. Qxe5 Qxe5 22. Bxe5 c5 23. Rd7 c4 24. Bxc4 bxc4 25. Rxb7 Re8 26. Rb8 Kf8 27. Kf1 a5 28. Ke2 a4 29. Kd2 Rxb8 30. Bxb8 1-0

[Event "Calvia Amateur op 16th"]
[Site "Calvia"]
[Date "2019.10.12"]
[Round "8"]
[White "Maldonado Mena, German"]
[Black "Udipi, Kala Kishan"]
[Result "1/2-1/2"]
[WhiteElo "1882"]
[BlackElo "1608"]
[PlyCount "52"]
[EventDate "2019.10.05"]
[EventType "swiss"]
[EventRounds "9"]
[EventCountry "ESP"]
[SourceTitle "CBM 192 Extra"]
[Source "Chessbase"]
[SourceDate "2019.11.06"]
[SourceVersion "1"]
[SourceVersionDate "2019.11.06"]
[SourceQuality "1"]

1. d4 Nf6 2. c4 e6 3. Nc3 Bb4 4. Qc2 0-0 5. Nf3 d5 6. cxd5 exd5 7. Bg5 Bg4 8. Ne5 Be6 9. e3 h6 10. Bh4 Be7 11. Bd3 Nbd7 12. f4 Nxe5 13. fxe5 Ng4 14. Bxe7 Qxe7 15. Qe2 Qh4+ 16. g3 Qg5 17. Kd2 c5 18. h4 Qd8 19. Rhf1 cxd4 20. exd4 Qb6 21. Rab1 Qxd4 22. Rf4 Qxe5 23. Rxg4 Qxe2+ 24. Bxe2 Bxg4 25. Bxg4 d4 26. Nb5 Rad8 1/2-1/2

[Event "EU-ch U10"]
[Site "Bratislava"]
[Date "2019.08.05"]
[Round "4"]
[White "Udipi, Kala Kishan"]
[Black "Koblov, Egor"]
[Result "1/2-1/2"]
[WhiteElo "1745"]
[BlackElo "1338"]
[PlyCount "53"]
[EventDate "2019.08.02"]
[EventType "swiss"]
[EventRounds "9"]
[EventCountry "SVK"]
[SourceTitle "EXT 2020"]
[Source "ChessBase"]
[SourceDate "2019.10.17"]
[SourceVersion "1"]
[SourceVersionDate "2019.10.17"]
[SourceQuality "1"]

1. d4 d5 2. Nf3 Nf6 3. c4 e6 4. cxd5 exd5 5. Nc3 Nbd7 6. Bg5 c6 7. e3 Be7 8. Bd3 Ne4 9. Bxe7 Qxe7 10. Bxe4 dxe4 11. Nd2 Nf6 12. 0-0 0-0 13. Rb1 a5 14. Qc2 Bf5 15. a3 Rfe8 16. Rfc1 Qe6 17. b4 axb4 18. axb4 Ng4 19. h3 Nf6 20. b5 cxb5 21. Rxb5 Rac8 22. Qb2 Bxh3 23. gxh3 Qxh3 24. Nf1 Ng4 25. Qe2 Re6 26. Rg5 Ree8 27. Rb5 1/2-1/2

[Event "EU-ch U10"]
[Site "Bratislava"]
[Date "2019.08.03"]
[Round "2"]
[White "Udipi, Kala Kishan"]
[Black "Paholok, Adam"]
[Result "1-0"]
[WhiteElo "1745"]
[BlackElo "1296"]
[PlyCount "59"]
[EventDate "2019.08.02"]
[EventType "swiss"]
[EventRounds "9"]
[EventCountry "SVK"]
[SourceTitle "EXT 2020"]
[Source "ChessBase"]
[SourceDate "2019.10.17"]
[SourceVersion "1"]
[SourceVersionDate "2019.10.17"]
[SourceQuality "1"]

1. d4 g6 2. c4 Bg7 3. Nc3 c5 4. e3 f5 5. Nf3 d6 6. d5 Bxc3+ 7. bxc3 Qa5 8. Bd2 Nf6 9. Bd3 Nbd7 10. 0-0 Nb6 11. Qc2 Bd7 12. Rfe1 Ba4 13. Qb1 0-0-0 14. Ng5 Rde8 15. e4 h6 16. Nf7 Rh7 17. exf5 Rxf7 18. fxg6 Rff8 19. Bxh6 Rg8 20. Qc1 Nbd7 21. Bf5 Kb8 22. g7 Ne5 23. Be6 Nd3 24. Qd2 Nxe1 25. Rxe1 Rd8 26. Bxg8 Nxg8 27. Bg5 Re8 28. h4 Qc7 29. h5 Ka8 30. h6 1-0

[Event "Locarno op 4th"]
[Site "Locarno"]
[Date "2019.04.07"]
[Round "4"]
[White "Udipi, Kala Kishan"]
[Black "Fischer, Gerd1111"]
[Result "0-1"]
[WhiteElo "1636"]
[BlackElo "1840"]
[PlyCount "140"]
[EventDate "2019.04.05"]
[EventType "swiss"]
[EventRounds "5"]
[EventCountry "SUI"]
[SourceTitle "CBM 190 Extra"]
[Source "ChessBase"]
[SourceDate "2019.07.15"]
[SourceVersion "1"]
[SourceVersionDate "2019.07.15"]
[SourceQuality "1"]

1. d4 d6 2. Nf3 Nf6 3. c4 Nbd7 4. Nc3 e5 5. dxe5 Nxe5 6. Nxe5 dxe5 7. Qxd8+ Kxd8 8. Bd2 Be6 9. e4 c6 10. 0-0-0 Kc8 11. Bg5 h6 12. Bh4 Be7 13. Bg3 Nd7 14. Be2 f6 15. h3 Kc7 16. Bg4 Nf8 17. f4 Bxg4 18. hxg4 Ng6 19. fxe5 Nxe5 20. Bxe5+ fxe5 21. Rhf1 Rhf8 22. Rf5 Bg5+ 23. Kc2 Bf4 24. Ne2 g6 25. Nxf4 exf4 26. Rxf8 Rxf8 27. Rf1 Kd6 28. Rh1 Rh8 29. g5 h5 30. Rd1+ Ke6 31. c5 Rg8 32. Rd6+ Ke5 33. Kd3 Rg7 34. b4 f3 35. gxf3 Kf4 36. Ke2 Kxg5 37. Ke3 h4 38. e5 h3 39. Rd2 Rh7 40. Rh2 Kf5 41. e6 Kxe6 42. Kf4 Rh4+ 43. Kg5 Rxb4 44. Rxh3 Rb5 45. Kxg6 Rxc5 46. f4 Rc2 47. f5+ Ke5 48. f6 Rg2+ 49. Kf7 Rf2 50. Rh5+ Kd4 51. Ra5 a6 52. Ke7 c5 53. f7 c4 54. f8Q Rxf8 55. Kxf8 c3 56. Rh5 c2 57. Rh1 Kc3 58. Ke7 b5 59. Kd6 Kb2 60. Kc5 Kxa2 61. Kb4 Kb2 62. Rh2 Kb1 63. Rh6 c1Q 64. Rxa6 Qc4+ 65. Ka5 Qa4+ 66. Kb6 Qxa6+ 67. Kxa6 b4 68. Ka5 b3 69. Kb4 b2 70. Ka3 Kc2 0-1

[Event "EU-ch U08 28th"]
[Site "Riga"]
[Date "2018.08.28"]
[Round "8"]
[White "Vassis, Michail"]
[Black "Udipi, Kala Kishan"]
[Result "0-1"]
[WhiteElo "1218"]
[BlackElo "1756"]
[PlyCount "138"]
[EventDate "2018.08.20"]
[EventType "swiss"]
[EventRounds "9"]
[EventCountry "LAT"]
[SourceTitle "CBM 186 Extra"]
[Source "ChessBase"]
[SourceDate "2018.08.24"]
[SourceVersion "1"]
[SourceVersionDate "2018.08.24"]
[SourceQuality "1"]

1. Nf3 Nf6 2. d4 e6 3. e3 d5 4. Be2 Be7 5. 0-0 0-0 6. b3 c5 7. Bb2 cxd4 8. exd4 b6 9. Nbd2 Bb7 10. Ne5 Nbd7 11. f4 Rc8 12. c4 Ne4 13. Nxe4 dxe4 14. Qd2 Nxe5 15. fxe5 Bg5 16. Qc3 Qe7 17. a4 Rfd8 18. Ba3 Qd7 19. Rad1 Be7 20. c5 Qc7 21. b4 bxc5 22. bxc5 Bc6 23. Bb5 Rb8 24. Rb1 Qd7 25. Bxc6 Qxc6 26. Rb4 Rxb4 27. Qxb4 Qd7 28. Rd1 Bg5 29. Bb2 Bf4 30. Re1 Qc6 31. Bc3 Bg5 32. a5 f6 33. exf6 Bxf6 34. a6 Rd7 35. Qb1 Kf7 36. Qxe4 Qxe4 37. Rxe4 Rc7 38. Re2 Rc6 39. Ra2 Kg6 40. Kf2 Kf5 41. Kf3 h5 42. h3 h4 43. Ra4 g5 44. Bd2 Bd8 45. Ba5 Rxa6 46. Bxd8 Rxa4 47. Ke3 g4 48. hxg4+ Kxg4 49. c6 Rc4 50. c7 a5 51. c8Q Rxc8 52. Bxa5 Rc2 53. Ke4 Rxg2 54. Ke5 Re2+ 55. Kf6 h3 56. Bc7 Kf3 57. Bh2 Rxh2 58. Kxe6 Rd2 59. d5 Rxd5 60. Kxd5 h2 61. Ke5 h1Q 62. Kd4 Qc1 63. Ke5 Qc5+ 64. Ke6 Kf4 65. Kf6 Qd6+ 66. Kf7 Kg5 67. Ke8 Qc7 68. Kf8 Kf6 69. Kg8 Qg7# 0-1

[Event "EU-ch U08 28th"]
[Site "Riga"]
[Date "2018.08.20"]
[Round "1"]
[White "Udipi, Kala Kishan"]
[Black "Ivanov, Andrey6666"]
[Result "0-1"]
[WhiteElo "1756"]
[BlackElo "1132"]
[PlyCount "102"]
[EventDate "2018.08.20"]
[EventType "swiss"]
[EventRounds "9"]
[EventCountry "LAT"]
[SourceTitle "CBM 186 Extra"]
[Source "ChessBase"]
[SourceDate "2018.08.24"]
[SourceVersion "1"]
[SourceVersionDate "2018.08.24"]
[SourceQuality "1"]

1. d4 e6 2. c4 d5 3. Nc3 c6 4. e3 Bd6 5. Nf3 Nd7 6. Be2 f5 7. cxd5 exd5 8. Bd3 g6 9. Qc2 Ngf6 10. 0-0 0-0 11. Rb1 Ne4 12. b4 b5 13. Nxe4 fxe4 14. Qxc6 exf3 15. Qxd5+ Kh8 16. Qxa8 Qh4 17. h3 Qg5 18. Qxf3 Rxf3 19. e4 Qh4 20. gxf3 Qxh3 21. e5 Nxe5 22. dxe5 Qxf3 23. exd6 Bh3 24. Bb2+ Kg8 25. Be4 Qxe4 26. f3 Qh4 27. Be5 Bxf1 28. Rxf1 Qg5+ 29. Kf2 Qxe5 30. Rd1 Qe8 31. d7 Qd8 32. Kg3 Kf7 33. Kf4 Ke6 34. a3 h6 35. Kg4 Qxd7 36. Rxd7 Kxd7 37. Kf4 a6 38. Ke5 h5 39. Kf4 Kd6 40. Kg5 Kd5 41. Kf4 h4 42. Kg4 g5 43. f4 gxf4 44. Kxf4 Kc4 45. Kg4 Kb3 46. Kxh4 Kxa3 47. Kg4 Kxb4 48. Kf3 Kc3 49. Ke2 Kc2 50. Ke3 b4 51. Kd4 b3 0-1